| 000 | 01395cam a22002054a 4500 | ||
|---|---|---|---|
| 005 | 20250605164219.0 | ||
| 008 | 250528s ||||||||||||||||||||||||d | ||
| 035 | _a20597 | ||
| 020 | _a9602500999 | ||
| 040 |
_aGR-AtMCL _bgre _dGR-AtMCL _eAACR2 |
||
| 245 | 1 | _aΚλειδιά για τη Γλωσσολογία | |
| 250 | _a3η | ||
| 260 |
_bΜορφωτικό Ίδρυμα Εθνικής Τραπέζης, _c2003 |
||
| 300 | _a208 | ||
| 520 | _aΣύντομη εισαγωγή στη Γλωσσολογία, κατανοητή και χρήσιμη τόσο σ'εκείνους που αρχίζουν ειδικές σπουδές όσο και στο ευρύτερο κοινό. Πρόλογος του Μεταφραστή, Εισαγωγή, Η Ηλικία της Γλωσσολογίας, Γλώσσα και Επικοινωνία, Ο Ιδιαίτερος Χαρακτήρας των Φυσικών Ανθρώπινων Γλωσσών, Τα Πειθωριακά Γλωσσικά Φαινόμενα, Η Γλώσσα και η μη Γλωσσική Πραγματικότητα, Κώδικας και Μήνυμα, Η Φωνολογία, Η Δομική Σύνταξη, Η Σημασιολογία, Η Υφολογία, Συμπληρωματική Βιβλιογραφία, Ευρετήρια. | ||
| 700 | 1 |
_aMounin George _96560 |
|
| 942 | _cBK | ||
| 999 |
_c5688 _d5688 |
||